000 00604pab a2200205 454500
008 180718b2018 xxu||||| |||| 00| 0 eng d
100 _aKasdin, Stuart
245 _aCreating comity amidst gridlock: a corporatist repair for a broken congress
260 _c2018
300 _ap.117-130.
362 _aMar
650 _aDecision making
650 _aFederal advisory committees
650 _aneo-corporatism
650 _aCongressional reform - Citizen participation
650 _aLegislative bodies - USA
650 _aLegislative committees
773 _aPolicy Sciences
909 _a117057
999 _c117051
_d117051